000 00663nam a2200217 a 4500
999 _c11009
_d11009
001 11009
003 BD-JhCC
005 20211207134021.0
008 190723b 2018bg |||| |||| 000 0 ben d
020 _a9789847764009
035 _a(BD-JhCC)11009
040 _aBD-JhCC
_dBD-JhCC
041 _aben
082 _a891.443
_bJIM 2018
100 _aহাইসন, জিমি
245 _aএ ফায়ার অব ফোর্থ সেঞ্চুরি /
_cজিমি হাইসন
260 _aঢাকা :
_bঐতিহ্য,
_c২০১৮.
300 _a৪২৬ পৃ. :
_c২১ সেমি.
650 _aNovel
942 _2ddc
_cBK
_010